Αιγυπτιακή τέχνη
Αποθηκεύτηκε σε:
| Κύριος συγγραφέας: | |
|---|---|
| Μορφή: | Βιβλίο |
| Γλώσσα: | Greek English |
| Δημοσίευση: |
Αθήνα :
Καστανιώτης,
[2000]
|
| Σειρά: | Τέχνη και ιδέες (Καστανιώτης)
|
| Θέματα: | |
| Ετικέτες: |
Προσθήκη ετικέτας
Δεν υπάρχουν, Καταχωρήστε ετικέτα πρώτοι!
|
MARC
| LEADER | 00000cam a2200000 i 4500 | ||
|---|---|---|---|
| 001 | 1/35128 | ||
| 008 | 030408s2000 gr | ||| |||| ||gre|| | ||
| 020 | |a 9600329257 | ||
| 035 | |l 10069826 | ||
| 040 | |a GR-MyUa |b gre |e AACR2 | ||
| 041 | 1 | |a gre |h eng | |
| 082 | 7 | |a 709.32 |2 (21) | |
| 100 | 0 | |a Málek, Jaromír. | |
| 245 | 1 | 0 | |a Αιγυπτιακή τέχνη / |c Γιάρομιρ Μάλεκ ; μετάφραση Γιώτα Ποταμιάνου. |
| 260 | |a Αθήνα : |b Καστανιώτης, |c [2000] | ||
| 300 | |a 447 σ. : |b έγχρ. εικ. ; |c 22 εκ. | ||
| 490 | 1 | |a (Τέχνη και ιδέες / Καστανιώτης) | |
| 500 | |a Τίτλος πρωτοτύπου: Egyptian art. | ||
| 504 | |a Βιβλιογραφία: σ. 438-440. Ευρετήριο. | ||
| 650 | 0 | |a Art, Egyptian. | |
| 650 | 0 | |a Art, Ancient |z Egypt. | |
| 830 | 0 | |a Τέχνη και ιδέες (Καστανιώτης) | |
| 852 | |a INST |b LESVOS |e 20070726 |h 709.32 MAL |p 005100041265 |q 005100041265 |t BK |y 0 | ||
| 852 | |a INST |b RHODES |e 20081126 |h 709.32 MAL |p 005400031448 |q 005400031448 |t BK |y 0 | ||
| 852 | |a INST |b SYROS |e 20030408 |h 709.32 MAL |p 005500002496 |q 005500002496 |t BK |y 0 | ||
| 901 | |a BIBL5-2003-1 | ||
| 901 | |a BIBL1-2007-2 | ||
| 901 | |a BIBL4-2008-3 | ||
| 922 | |a 1ΕΛΗ |b 200707 |c ΕΠΕΑΕΚ2/ΠΤΕ |d Σ. Πατάκης | ||
| 970 | |a Καγιαβά |b Ειρήνη |z 08/04/2003 | ||